| 000 | 00602nam a2200217Ia 4500 | ||
|---|---|---|---|
| 003 | LK-CoDNM | ||
| 005 | 20240227150259.0 | ||
| 008 | 010623t1929 xxu||||| |||| 00| 1 sin d | ||
| 040 |
_aLK-CoDNM _dLK-CoDNM _eLK-CoDNM |
||
| 041 | _asin | ||
| 080 | _a104 V16 | ||
| 245 | _aපඤ්චාංග ශරෝමණී ලිත | ||
| 246 | _aPanchaanga shiromani litha | ||
| 260 |
_bJ.D.Fernando _aColombo _c1929 _c30 |
||
| 300 |
_bDamaged _a63p.,25 cm |
||
| 650 | _aAlmanac | ||
| 650 | _aAstrology | ||
| 700 |
_aA,Don arnorlis periyapperuma _eed. |
||
| 700 |
_aA,Don paulis walpola _eed. |
||
| 942 | _cBK | ||
| 999 |
_c95133 _d95133 |
||